Education, polity and society : (Record no. 128203)

MARC details
000 -LEADER
fixed length control field 00767nam a22002297a 4500
005 - DATE AND TIME OF LATEST TRANSACTION
control field 20170124110036.0
010 ## - LIBRARY OF CONGRESS CONTROL NUMBER
LC control number A-935520
020 ## - INTERNATIONAL STANDARD BOOK NUMBER
Terms of availability 00.00
International Standard Book Number 8185402965
035 ## - SYSTEM CONTROL NUMBER
System control number A-935520
037 ## - SOURCE OF ACQUISITION
Source of stock number/acquisition Cen Lib/Ret
040 ## - CATALOGING SOURCE
Original cataloging agency DPL
Language of cataloging EN
082 ## - DEWEY DECIMAL CLASSIFICATION NUMBER
Classification number 370.115
Item number EHS
100 ## - MAIN ENTRY--PERSONAL NAME
Personal name Ehsanul Haq
9 (RLIN) 22695
245 ## - TITLE STATEMENT
Title Education, polity and society :
Statement of responsibility, etc by Ehsanul Haq
Remainder of title a study of education and democratic consciousness /
260 ## - PUBLICATION, DISTRIBUTION, ETC. (IMPRINT)
Place of publication, distribution, etc Delhi
Name of publisher, distributor, etc Shipra Publications
Date of publication, distribution, etc 1997
270 ## - ADDRESS
Address 115A, Vikas Marg, Shakarpur
City Delhi
Postal code 110092
300 ## - PHYSICAL DESCRIPTION
Extent 184p.
Dimensions 22cm(Hb)
500 ## - GENERAL NOTE
General note Includes bibliographical references and index
650 ## - SUBJECT ADDED ENTRY--TOPICAL TERM
Topical term or geographic name as entry element Education--Aims and objectives
9 (RLIN) 14531
650 ## - SUBJECT ADDED ENTRY--TOPICAL TERM
Topical term or geographic name as entry element Education--Social aspects
9 (RLIN) 8711
942 ## - ADDED ENTRY ELEMENTS (KOHA)
Source of classification or shelving scheme Dewey Decimal Classification
Koha item type English Books
Classification part 370.115
Call number suffix EHS
Holdings
Withdrawn status Lost status Damaged status Not for loan Home library Current library Date acquired Source of acquisition Cost, normal purchase price Total Checkouts Full call number Barcode Date last seen Copy number Cost, replacement price Price effective from Koha item type Public note
Written off       Central Library Central Library 01/07/2015 Cen Lib/Ret 0.00   370.115 EHS A-935520 01/07/2015 1 0.00 01/07/2015 English Books W/d List No. 6897/22 ; dtd 19/10/2020

© Delhi Public Library
Hit Counter
free hit counter